Sborník vedeckých prác Stavebnej fakulty SVŠT 1962 : Zväzok 2

Gespeichert in:
Bibliographische Detailangaben
Format: Buch
Sprache:Slowakisch
Veröffentlicht: Bratislava : SVTL, 1962
Tags: Tag hinzufügen
Keine Tags, Fügen Sie das erste Tag hinzu!

MARC

LEADER 00000nam a22000003a 4500
001 stu165816
005 20150408182522.9
008 080625s1962----cs------------------slo-d
040 |a STU  |b slo 
041 0 |a slo 
044 |a cs 
245 |a Sborník vedeckých prác Stavebnej fakulty SVŠT 1962 :  |b Zväzok 2 
260 |a Bratislava :  |b SVTL,  |c 1962 
300 |a 257 s 
996 |b 284V032657  |c V*7009/E-328 II.  |l VVT  |s A  |a 24  |w stu165816_0001